| 000 | 00612nam a2200181 i 4500 | ||
|---|---|---|---|
| 001 | 147727 | ||
| 003 | ES-MaACL | ||
| 005 | 20230906202228.0 | ||
| 007 | t| | ||
| 008 | 071005s1909 xxu ||||1| eng d | ||
| 245 | 0 | 0 |
_aUnwritten literature of Hawaii _b: the sacred songs of the Hula / _cCollected and tralated by Nathaniel B. Emerson. |
| 260 |
_aWashington : _bGovernment Office, _c1909. |
||
| 300 |
_a388 p. ; _c24 cm. |
||
| 490 | 1 |
_aBureau of American Ethnology. Bulletin ; _v38 |
|
| 830 | 0 |
_aBureau of American Ethnology. Bulletin ; _v38 _9181779 |
|
| 852 |
_aES-MaACL _jG-15395 |
||
| 999 |
_c147727 _d147727 |
||